000 00735nam a2200265Ia 4500
005 20260121170909.0
008 008 260114s9999 xx 000 0 eng d
020 _a9783030043032
037 _aEBOOK
040 _aCRL
040 _beng
040 _cCRL
041 _2eng
041 _aeng
084 _qCRL
100 _aWei Lee Woon, Zeyar Aung, Alejandro Catalina Feliú, Stuart Madnick
_91069520
245 0 _aData Analytics for Renewable Energy Integration. Technologies, Systems and Society
260 _bSpringer
260 _bSpringer
260 _c2018
856 _uhttps://link.springer.com/openurl?genre=book&isbn=978-3-030-04303-2
942 _cEBOOK
999 _c1635250
_d1635250